| 000 | 01658cam a22004574i 4500 | ||
|---|---|---|---|
| 003 | PE-LiUPU | ||
| 005 | 20250805091302.0 | ||
| 008 | 150623s r 000 0 d | ||
| 020 | _a080102059X | ||
| 035 | _a(Sirsi) i9780801020599 | ||
| 040 |
_aPE-LiUPU _bspa _cPE-LiUPU _erda |
||
| 049 | _aPRUA | ||
| 082 | 0 | 4 |
_a291 _bC627m _221 |
| 100 | 1 |
_aClendenin, Daniel B., _eautor. |
|
| 245 | 1 | 0 |
_aMany Gods, many Lords : _bChristianity encounters world religions / _cDaniel B. Clendenin. |
| 264 | 1 |
_aMichigan : _bBaker Books, _c1995. |
|
| 300 |
_a189 páginas ; _c21.5 centímetros |
||
| 336 |
_atext _2rdacontent |
||
| 337 |
_aunmediated _2rdamedia |
||
| 338 |
_avolume _2rdacarrier |
||
| 505 | 0 | _aThe challenge of religious pluralism. -From secular atheism to Christian realism. -From traditional exclusivism to radical pluralism. -The failure of pluralism. -Old Testament faith and the world religions. -The New Testament documents: chronicles of disbelief. | |
| 526 | _aSEG42 | ||
| 526 | _aSEG41 | ||
| 526 | _aSEG40 | ||
| 526 | _aSEG39 | ||
| 526 | _aP94 | ||
| 526 | _aP87 | ||
| 526 | _aP86 | ||
| 526 | _aP85 | ||
| 526 | _aP77 | ||
| 526 | _aP76 | ||
| 526 | _aP35 | ||
| 650 | 0 | 4 |
_aCristianismo y otras religiones. _91630 |
| 650 | 0 | 4 | _aReligiones. |
| 942 |
_2ddc _cBK |
||
| 949 |
_a291 C61 _wDEWEY _c1 _i44914 _lCCODEBUL1 _mBUL _r0 _sY _tBOOK _u2015-6-24 _xTEOLOGIA _0COMPRA _o.STAFF. Colección General |
||
| 949 |
_a291 C61 _wDEWEY _c2 _i42285 _lCCODEBUL1 _mBUL _r0 _sY _tBOOK _u2015-6-24 _xTEOLOGIA _0COMPRA _o.STAFF. Colección General |
||
| 980 |
_818226 _gJaime Vilcazán Jefe de Análisis Documental |
||
| 999 |
_c21785 | 2 _d21785 |
||